000 00511nam a2200145Ia 4500
008 180921t1935 xxu||||| ||||o00| 0 eng d
041 _aeng
245 _aReport of The Joint Sub-Committee of The Executive Committees of Home Affairs And Education on The Employment ( Domestic Service ) of Women And Children And The Control of orphanages.
260 _c1935
300 _ap.3-44, 23 cm
500 _aVol.i
_aSessional Paper ii-1935
942 _cBK
999 _c53789
_d53789
003 LK-CoDNM
040 _aLK-CoDNM
_dLK-CoDNM
_eLK-CoDNM